000
00352nam a2200133Ia 4500
008
231129s9999||||xx |||||||||||||| ||spa||
020
_a
958-04-209-X
040
_b
spa
082
_a
Co863 M992u
100
_a
Mutis alvaro
245
0
_a
La Ășltima escala del tramp steamer
264
_a
Norma
942
_2
ddc
_c
BKS
999
_c
18374
_d
18374